| 000 | 00850nam a2200217 4500 | ||
|---|---|---|---|
| 001 | 173620 | ||
| 003 | ES-MaACL | ||
| 005 | 20230906215307.0 | ||
| 008 | 091214s1911 gw |||| | lat d | ||
| 080 | _a807.5-3=71 | ||
| 245 | 0 | 0 |
_aLexicon graeco-latinum manuale _b: ex optimis libris concinnatum / _cedidit E.F. Leopold. |
| 250 | _aAltera editio stereotypa C. Tauchnitiana emendatior et locupletior. | ||
| 260 |
_aLipsiae [Leipzig] : _bSumptibus Succ. Ottonis Holtze, _c1911 ( _fOscar Brandstetter) |
||
| 300 |
_aIII, 895 p. ; _c15 cm. |
||
| 546 | _aTexto en latín y griego. | ||
| 595 | _aNova impressio. | ||
| 597 | _aTexto a dos col. | ||
| 650 | 4 |
_aLengua griega- _vDiccionarios- _xLatín. _9141813 |
|
| 700 | 1 |
_aLeopold, Ernst Friedrich. _9128884 |
|
| 852 | 4 |
_aES-MaACL _jE-13036 _z. -- Enc. piel _z. - Biblioteca Jacinto Martínez Lacalle |
|
| 999 |
_c173620 _d173620 |
||